ნორმალური ფორმატი
MARC ფორმატი
ჩანაწერი Personal Name
ჩანაწერთა რაოდენობა, რომელიც გამოყენებულია: 1
001 - CONTROL NUMBER
- control field: 3085
003 - CONTROL NUMBER IDENTIFIER
- control field: GE_BSU
005 - DATE AND TIME OF LATEST TRANSACTION
- control field: 20190628181956.0
008 - FIXED-LENGTH DATA ELEMENTS
- fixed length control field: 190628|| aca||aabn | a|a d
040 ## - CATALOGING SOURCE
- Original cataloging agency: GE_BSU
- Transcribing agency: GE_BSU
100 ## - HEADING--PERSONAL NAME
- Personal name: ბერსენაძე, ია
- Relator term: მთარგმნელი
670 ## - SOURCE DATA FOUND
- Source citation: Work cat.: (GE_BSU)37754: ლე კლეზიო, ჟან-მარი გუსტავ 3084, შიმშილის მისამღერი :
